000 00683nam a22001817a 4500
003 UA-OsUOA
001 15868
007 ta
008 20031210b un ||||| |||| 00| 0 ukr d
100 _aТубіна С.
942 _cSA
040 _aUA-OsUOA
_cUA-OsUOA
_dUA-OsUOA
245 _aКоли є бажання працювати
_b[Виїз. засід. колегії обл. держ адміністрації в Здолбунів. р-ні по роботі культ.-дозвіл комплексів]
300 _aС.2
955 _a0
773 0 _w0
_tВісті Рівненщини
_dРівне
_d2003
_g№91/31 жовт./
650 7 _aКраєзнавча робота
_2UDC
999 _c302033
_d302033